000 00982nam a22003017a 4500
001 5913
003 FISKH
005 20250206083819.0
008 250206b cb ||||| |||| 00| 0 eng d
020 _a9780545037907
040 _aFISKH
_beng
_cFISKH
_dFISKH
050 _aPZ7.P2197 J
082 _a813.6
100 _aPark, Barbara
_d(1947–2013)
245 _aJunie B, first grader :
_bAloha-ha-ha! /
_cillustrated by Denise Brunkus
250 _aFirst printing in 2007
260 _aNew Year :
_bScholastic,
_c2006.
300 _a119 pages :
_billustrations ;
_c20 cm
505 _aG
520 _aExcitable Junie B. Jones manages to find trouble both before and during a trip to Hawaii and records each incident in a photo journal given to her by her teacher.
521 8 _a360
_bLexile
521 8 _aG
_bRaz-Plus
650 _2Funny
_aHumor
650 _2School
_aElementary
700 _aBrunkus, Denise
_dillustrator
942 _2ddc
_cBK
_n0
999 _c5913
_d5913